The lottery winner

Na minha lista:
Detalhes bibliográficos
Autor principal: Border, Rosemary
Formato: Livro
Idioma:Undetermined
Publicado em: Oxford Oxford Univ. Press 2000
Assuntos:
Tags: Adicionar Tag
Sem tags, seja o primeiro a adicionar uma tag!
Thư viện lưu trữ: Trung tâm Học liệu Trường Đại học Cần Thơ
LEADER 00533nam a2200205Ia 4500
001 CTU_65250
008 210402s9999 xx 000 0 und d
020 |b 28000 
082 |a 823.9 
082 |b B728 
100 |a Border, Rosemary 
245 4 |a The lottery winner 
245 0 |c Rosemary Border 
260 |a Oxford 
260 |b Oxford Univ. Press 
260 |c 2000 
650 |a English literature 
650 |y 20th century 
904 |i Minh,Qhieu đã sửa 
980 |a Trung tâm Học liệu Trường Đại học Cần Thơ